000 00830nam a2200253 a 4500
001 BRCA_4852
005 20190320204830.0
008 220910s1923----gw-a######---#000-0#ger-#
041 _ager
044 _agw
050 4 _aNK2808
_b.N48 2
_c1923
100 1 _aNeugebauer, Rudolf
_912284
245 1 0 _aHandbuch der Orientalischen Teppichkunde
_cvon Rudolf Neugebauer und Julius Orendi ; mit einer einführung Richard Graul.
260 _aLeipzig, Alemania
_bKarl W. Hiersemann
_c1923
300 _axii, 246 p.
_bil. (algunas a color), 1 mapa plegable
_c24 cm.
440 0 _aHiersemanns handbücher
_v4
_97398
500 _aVer también D14 (1920) y Y100 (1909)
500 _aD63
650 1 4 _aTapetes orientales
_97601
700 1 _aOrendi, Julius
_912285
700 1 _aGraul, Richard
_97472
902 _aGFM
942 _2lcc
_cB
999 _c4546
_d4546